Philadelphia 76ers Nicknames - Statistics

General Stats
  • This quiz has been taken 1,108 times
    503 since last reset
  • The average score is 8 of 11
Answer Stats
Nickname Tenure Player % Correct
The Answer 1996–2006 Allen Iverson
97%
The Beard 2021–2023 James Harden
96%
Dr. J 1976–1987 Julius Erving
96%
Sir Charles 1984–1992 Charles Barkley
95%
The Process 2016– Joel Embiid
94%
Iggy 2004–2012 Andre Iguodala
89%
The Franchise 2020– Tyrese Maxey
80%
Chairman of the Boards 1982–1986 Moses Malone
69%
The Fresh Prince 2018–2021 Ben Simmons
64%
Chocolate Thunder 1975–1982 Darryl Dawkins
38%
The Enormous Mormon 1993–1995 Shawn Bradley
21%
No matching quizzes found
Score Distribution
Percent of People with Each Score
Percentile by Number Answered
Your Score History
You have not taken this quiz since the last reset